Statystyki dla Quiz o Erytrei

Kliknij tutaj aby rozwiązać quiz!

Ogólne statystyki

  • Ten quiz został rozwiązany 518 razy
  • Średni wynik to 10 z 16

Statystyki odpowiedzi

WskazówkaOdpowiedź% Poprawnych
Państwo, od którego Erytrea uzyskała niepodległość w 1993 rokuEtiopia
93%
Morze granicząceMorze {Czerwone}
93%
Azjatyckie państwo oddalone o zaledwie 38 kmJemen
92%
Najmniejsza państwo graniczące z Erytreą
pod względem powierzchni
Dżibuti
90%
Największe państwo graniczące z Erytreą
pod względem powierzchni
Sudan
90%
Państwo europejskie, które skolonizowało Erytreę w latach 1882–1936Włochy
89%
Półwysep, na którym leży ErytreaPółwysep
{Somalijski}
72%
StolicaAsmara
68%
Przydomek tego miasta, oparty na architekturze z okresu kolonialnegoMały {Rzym}
58%
Nazwa "Erytrea” pochodzi od "Erythraea”, starożytnej nazwy nad morzem.
Z jakiego języka pochodzi ta nazwa?
grecki
54%
Większość chrześcijan w Erytrei należy do tej gałęzi chrześcijaństwaPrawosławie
51%
Rodzaj zwierzęcia widniejący na godle państwowymWielbłąd
37%
Kuchnia erytrejska jest często podawana na injerze,
która jest rodzajem gąbczastego_____
Chleba
32%
Najczęściej używany języktigrinia
31%
Starożytne królestwo, które obejmowało większość
terytorium Erytrei w latach 100–940
Aksum
28%
Erytrea jest jedynym państwem afrykańskim,
którego system polityczny jest
oficjalnie państwem ________
Jednopartyjnym
28%

Rozkład punktacji

Percentyl według liczby udzielonych odpowiedzi

Procent ludzi z każdym wynikiem

Twoja historia wyników

Nie rozwiązałeś tego quizu